000 00392cam a2200169 4500
001 D12321
008 090401t1966 xxu||||| |||| 00| 0 eng d
035 _a(Sirsi) u2629
041 _aeng
110 _aCalifornia Real Estate Assoc
_9238
245 4 _aThe dynamics of real estate investment
260 _c1966
350 _a0
520 _aShelf 114
942 _n0
948 _c04/03/1997
999 _c85791
_d85791